Dom smútku, Pezinok

Saved in:
Bibliographic Details
Main Author: Navarová, Nikola (Author)
Other Authors: Závodný, Ľubomír (Thesis advisor)
Format: Manuscript Book
Language:Slovak
Czech
Published: Bratislava 2023
Subjects:
Online Access:http://is.stuba.sk/zp/portal_zp.pl?podrobnosti=155908
Tags: Add Tag
No Tags, Be the first to tag this record!

MARC

LEADER 00000ntm a22000003a 4500
001 stuzp94617
003 SK-STU
005 20231005064108.6
007 ta
008 150427s2015----xo-----f-mn---000-0-slo-d
040 |a STU  |b slo 
041 0 |a cze 
100 1 |a Navarová, Nikola  |u 051110  |4 aut  |U FAD Fakulta architektúry a dizajnu  |T FAD Ústav architektúry obytných budov  |X 103826  |U A1110  |Y 392  |7 103826 
242 0 1 |a Dom smútku, Pezinok  |y slo 
242 0 1 |a Funeral Hall, Pezinok, Slovakia  |y eng 
245 1 0 |a Dom smútku, Pezinok 
260 |c 2023  |a Bratislava 
650 4 |a dom smutku  |2 slo 
650 4 |a smutočná sien  |2 slo 
650 4 |a blokovosť  |2 slo 
650 4 |a blokovost  |2 cze 
650 4 |a dům smutku  |2 cze 
650 4 |a solitér  |2 cze 
650 4 |a Funerall hall  |2 eng 
650 4 |a Block  |2 eng 
650 4 |a Solitaire  |2 eng 
700 1 |a Závodný, Ľubomír  |4 ths  |X 45410  |7 45410 
856 4 |u http://is.stuba.sk/zp/portal_zp.pl?podrobnosti=155908  |u https://opac.crzp.sk/?fn=detailBiblioForm&sid=F806E6B7D49B8C8B166DF8F8458C